Statistics for Cold War Decoder

Click here to take the quiz!

General Stats

  • This quiz has been taken 33,560 times
  • The average score is 21 of 28

Answer Stats

HintAnswer% Correct
MCapital of the USSRMoscow
98%
BCity divided into East and WestBerlin
96%
CMissile crisis countryCuba
94%
HThe H in H-BombHydrogen
92%
I____ CurtainIron
92%
AThe A in A-BombAtomic
90%
GTerm for a Soviet prison campGulag
87%
RU.S. panic about communism:
___ Scare
Red
85%
WEastern alliance: ______ PactWarsaw
85%
NWestern military allianceNATO
84%
WScandal that felled NixonWatergate
84%
OEvent boycotted by the U.S. in 1980Olympics
83%
VWord that comes before
Cong or Minh
Việt
82%
LPresident Johnson's first nameLyndon
81%
AThe U.S. manned lunar programApollo
80%
SFirst satellite to orbit the EarthSputnik
80%
TU.K. Prime Minister in the 1980sThatcher
79%
EU.S. President, 1953–1961Eisenhower
78%
D____ and cover
(in case of a nuclear strike)
Duck
75%
OMost important export of
the USSR
Oil
73%
HCountry that revolted against
the USSR in 1956
Hungary
70%
EReagan's term for the USSR:
The ____ Empire
Evil
63%
AMutually _______ destructionAssured
62%
TLong-time leader of YugoslaviaTito
58%
QuoteMr. Gorbachev, tear down this wall
50%
RU.S. propoganda outlet:
_____ Free Europe
Radio
39%
RExecuted spies Julius and EthelRosenberg
37%
LCongolese leader possibly
deposed by the CIA
Lumumba
16%

Score Distribution

Percentile by Number Answered

Percent of People with Each Score

Your Score History

You have not taken this quiz